[Event "GRENKE Chess Open 2024"]
[Site "Karlsruhe"]
[Date "2024.04.01"]
[Round "8.14"]
[White "Tiglon, Bryce"]
[Black "Dourerassou, Jonathan"]
[Result "1-0"]
[WhiteElo "2509"]
[BlackElo "2414"]
[Annotator "RC"]
[PlyCount "117"]
[EventDate "2024.03.28"]
[EventType "swiss"]
[EventCountry "GER"]
[SourceTitle "playchess.com"]
[Source "ChessBase"]
[SourceQuality "1"]

1. e4 c5 2. Nf3 Nc6 3. d4 cxd4 4. Nxd4 Nf6 5. Nc3 e5 6. Ndb5 d6 7. Bg5 a6 8. Na3 b5 9. Nd5 Be7 10. Bxf6 Bxf6 11. c3 Bg5 12. h4 Bh6 13. Nc2 O-O 14. g4 Bf4 15. Qf3 Re8 16. Nxf4 exf4 17. Qxf4 d5 18. O-O-O Rxe4 19. Qxe4 dxe4 20. Rxd8+ Nxd8 21. Bg2 Bxg4 22. Bxe4 Rc8 23. Rg1 Bh5 24. Nb4 a5 25. Nd5 Kf8 26. Nb6 Rc7 27. Rg5 Be2 28. Kd2 Bf1 29. Bd3 Bxd3 30. Kxd3 b4 31. Rxa5 bxc3 32. bxc3 Rb7 33. Rb5 Ne6 34. a4 Ke8 35. a5 h5 36. Ke4 Rc7 37. c4 g5 38. hxg5 h4 39. f4 h3 40. Rb1 Ra7 41. Rh1 Rxa5 42. Rxh3 Nc5+ 43. Kf3 Ne6 44. Rh8+ Ke7 45. Nd5+ Kd6 46. Rh7 Ra7 47. Nf6 Ke7 48. Ke4 Ra4 49. Nd5+ Kd6 50. Ne3 Ra7 51. g6 Nf8 52. Rxf7 Rxf7 53. gxf7 Ke6 54. c5 Kxf7 55. Kd5 Ke7 56. c6 Ne6 57. Ke5 Nxf4 58. Nf5+ Kd8 59. Kxf4 1-0

[Event "GRENKE Chess Open 2024"]
[Site "Karlsruhe"]
[Date "2024.04.01"]
[Round "8.14"]
[White "Ramirez Marin, Ivan"]
[Black "Garifullina, Leya"]
[Result "1/2-1/2"]
[WhiteElo "2272"]
[BlackElo "2413"]
[Annotator "ChessBase"]
[PlyCount "111"]
[EventDate "2024.03.28"]
[EventType "swiss"]
[EventCountry "GER"]
[SourceTitle "playchess.com"]
[Source "ChessBase"]
[SourceQuality "1"]

1. d4 Nf6 2. c4 e6 3. Nc3 d5 4. cxd5 exd5 5. Bg5 c6 6. e3 h6 7. Bh4 Be7 8. Bd3 O-O 9. Qc2 a5 10. Nf3 Nbd7 11. O-O Nh5 12. Bxe7 Qxe7 13. Rfe1 Nhf6 14. Rab1 Re8 15. a3 Ne4 16. Nd2 Ndf6 17. f3 Nxd2 18. Qxd2 Be6 19. Na4 Nd7 20. Rbc1 Rec8 21. Nc5 Nxc5 22. Rxc5 b6 23. Rc3 Qd6 24. Rec1 c5 25. Bb1 c4 26. e4 b5 27. e5 Qd7 28. g4 Rf8 29. h3 b4 30. axb4 axb4 31. Re3 f5 32. exf6 Rxf6 33. Qxb4 Qc7 34. Kg2 Rb8 35. Qd2 Bf7 36. b3 Rfb6 37. Ba2 Qa7 38. Rb1 Bg6 39. Rb2 Kh8 40. Qc3 Qb7 41. Kg3 Rc8 42. b4 Rb8 43. Bb1 Bf7 44. Qe1 Rxb4 45. Rxb4 Qxb4 46. Qxb4 Rxb4 47. Bc2 Rb2 48. Rc3 g5 49. f4 Kg7 50. h4 Bg6 51. f5 Bf7 52. hxg5 hxg5 53. Kf3 Kf6 54. Ke3 Ra2 55. Kd2 Ra1 56. Bd1 1/2-1/2

[Event "GRENKE Chess Open 2024"]
[Site "Karlsruhe"]
[Date "2024.04.01"]
[Round "8.15"]
[White "Bochnicka, Vladimir"]
[Black "Costa, Leonardo"]
[Result "0-1"]
[WhiteElo "2413"]
[BlackElo "2479"]
[Annotator "TA"]
[PlyCount "92"]
[EventDate "2024.03.28"]
[EventType "swiss"]
[EventCountry "GER"]
[SourceTitle "playchess.com"]
[Source "ChessBase"]
[SourceQuality "1"]

1. e4 e5 2. Nf3 Nc6 3. Bc4 Bc5 4. c3 Nf6 5. d3 d6 6. Nbd2 a6 7. a4 O-O 8. O-O Ba7 9. h3 h6 10. Re1 Be6 11. Bxe6 fxe6 12. Nf1 a5 13. Ng3 Nd7 14. Be3 Bxe3 15. Rxe3 Qf6 16. Qd2 Rf7 17. Nh2 Qg5 18. Qe2 Raf8 19. Rf3 Kh7 20. Rxf7 Rxf7 21. Nf3 Qf6 22. Nf1 g5 23. N1h2 Qg6 24. g3 Nf6 25. Kg2 Rg7 26. Re1 Nd7 27. Ng4 h5 28. Ne3 Kg8 29. h4 g4 30. Ng5 Nd8 31. Nc4 b6 32. b4 Nf7 33. Nxf7 Rxf7 34. bxa5 bxa5 35. Nxa5 Nc5 36. d4 Nxa4 37. dxe5 dxe5 38. Qc2 Qf6 39. Re3 Nb6 40. Qe2 c5 41. Rd3 c4 42. Rd6 Na4 43. Rd2 Nxc3 44. Qe3 Qf3+ 45. Qxf3 gxf3+ 46. Kf1 Ra7 0-1

[Event "GRENKE Chess Open 2024"]
[Site "Karlsruhe"]
[Date "2024.04.01"]
[Round "8.15"]
[White "Lutz, Ruben"]
[Black "Yelisieiev, Yevhenii"]
[Result "1-0"]
[WhiteElo "2270"]
[BlackElo "2411"]
[Annotator "ChessBase"]
[PlyCount "60"]
[EventDate "2024.03.28"]
[EventType "swiss"]
[EventCountry "GER"]
[SourceTitle "playchess.com"]
[Source "ChessBase"]
[SourceQuality "1"]

1. d4 d5 2. c4 e6 3. Nf3 Nf6 4. g3 Bb4+ 5. Bd2 Bd6 6. Bg2 c6 7. O-O Nbd7 8. Qc2 O-O 9. Bf4 Bxf4 10. gxf4 Ne4 11. Nbd2 f5 12. e3 a5 13. Ne1 Nd6 14. Nd3 Nf6 15. Ne5 Bd7 16. c5 Nc8 17. Kh1 Be8 18. Rg1 Ne4 19. Nxe4 fxe4 20. f3 exf3 21. Bxf3 Ne7 22. Rg5 Nf5 23. Rag1 Kh8 24. Qf2 Qf6 25. Be2 Rg8 26. Bd3 h6 27. R5g2 Bh5 28. Bxf5 Qxf5 29. Qh4 g6 30. h3 Raf8 1-0

[Event "GRENKE Chess Open 2024"]
[Site "Karlsruhe"]
[Date "2024.04.01"]
[Round "8.16"]
[White "Peil, Christoph"]
[Black "Krause, Benedict"]
[Result "0-1"]
[WhiteElo "2268"]
[BlackElo "2406"]
[Annotator "RC"]
[PlyCount "104"]
[EventDate "2024.03.28"]
[EventType "swiss"]
[EventCountry "GER"]
[SourceTitle "playchess.com"]
[Source "ChessBase"]
[SourceQuality "1"]

1. e4 c5 2. Nf3 e6 3. c3 d5 4. exd5 Qxd5 5. d4 Nf6 6. Be2 Nc6 7. O-O cxd4 8. cxd4 Be7 9. Nc3 Qd6 10. Nb5 Qd8 11. Bf4 O-O 12. Bc7 Qd7 13. Ne5 Nxe5 14. dxe5 Nd5 15. Bd6 a6 16. Bxe7 Qxe7 17. Nd6 Bd7 18. Qd2 Bc6 19. f4 f6 20. Bg4 Kh8 21. g3 Rad8 22. Qd4 f5 23. Bf3 g5 24. Bxd5 Bxd5 25. fxg5 Qxg5 26. Rf4 Rd7 27. Rc1 Rg7 28. a4 Qh5 29. Qe3 Qh3 30. Qf2 Rfg8 31. Rc3 h5 32. Qd2 h4 33. Rg4 Kh7 34. Rxg7+ Rxg7 35. Ne8 Rg6 36. Rc7+ Kh8 37. Nf6 hxg3 38. Rh7+ Qxh7 39. Nxh7 gxh2+ 40. Kxh2 Rg2+ 41. Qxg2 Bxg2 42. Nf8 Bd5 43. Kg3 Kg7 44. Nd7 a5 45. Kf4 Kf7 46. Nb6 Bb3 47. Nc8 Kf8 48. Nd6 Bd5 49. Nc8 Ke8 50. Nb6 Bb3 51. Nc8 Kd7 52. Nd6 Kc6 0-1

[Event "GRENKE Chess Open 2024"]
[Site "Karlsruhe"]
[Date "2024.04.01"]
[Round "8.17"]
[White "Kramer, Julian"]
[Black "Cukrowski, Filip"]
[Result "1-0"]
[WhiteElo "2469"]
[BlackElo "2394"]
[Annotator "TA"]
[PlyCount "73"]
[EventDate "2024.03.28"]
[EventType "swiss"]
[EventCountry "GER"]
[SourceTitle "playchess.com"]
[Source "ChessBase"]
[SourceQuality "1"]

1. e4 c5 2. c3 d5 3. exd5 Nf6 4. Bb5+ Nbd7 5. c4 a6 6. Bxd7+ Qxd7 7. d3 e6 8. dxe6 Qxe6+ 9. Ne2 Bd6 10. O-O O-O 11. Nbc3 Rd8 12. Bf4 Qg4 13. h3 Qg6 14. Bxd6 Rxd6 15. Nf4 Qg5 16. Qf3 Bd7 17. Nfd5 Kh8 18. Rfe1 Rf8 19. Rad1 h5 20. Qe3 Qxe3 21. fxe3 Re8 22. e4 Re5 23. a3 Nxd5 24. exd5 Rxe1+ 25. Rxe1 Kg8 26. b4 cxb4 27. axb4 Kf8 28. c5 Rg6 29. Re3 f5 30. Kf2 f4 31. Re4 Rf6 32. h4 Rf7 33. Ne2 Bf5 34. Rxf4 Bxd3 35. Rxf7+ Kxf7 36. Nf4 Bc4 37. Ke3 1-0

[Event "GRENKE Chess Open 2024"]
[Site "Karlsruhe"]
[Date "2024.04.01"]
[Round "8.17"]
[White "Baum, Jonasz"]
[Black "Mirimanian, Hayk"]
[Result "1-0"]
[WhiteElo "2400"]
[BlackElo "2283"]
[Annotator "ChessBase"]
[PlyCount "20"]
[EventDate "2024.03.28"]
[EventType "swiss"]
[EventCountry "GER"]
[SourceTitle "playchess.com"]
[Source "ChessBase"]
[SourceQuality "1"]

1. d4 d5 2. c4 dxc4 3. Nf3 Nf6 4. e3 Bg4 5. Bxc4 e6 6. Nc3 Nbd7 7. O-O Bb4 8. a3 Bxc3 9. bxc3 O-O 10. Qb3 Rb8 1-0

[Event "GRENKE Chess Open 2024"]
[Site "Karlsruhe"]
[Date "2024.04.01"]
[Round "8.18"]
[White "Pasti, Aron"]
[Black "Bazakutsa, Svyatoslav"]
[Result "1/2-1/2"]
[WhiteElo "2373"]
[BlackElo "2462"]
[Annotator "TA"]
[PlyCount "79"]
[EventDate "2024.03.28"]
[EventType "swiss"]
[EventCountry "GER"]
[SourceTitle "playchess.com"]
[Source "ChessBase"]
[SourceQuality "1"]

1. e4 c5 2. Nf3 Nc6 3. d4 cxd4 4. Nxd4 Nf6 5. Nc3 e5 6. Ndb5 d6 7. Nd5 Nxd5 8. exd5 Nb8 9. a4 Be7 10. Be2 Nd7 11. Bd2 a6 12. Na3 a5 13. O-O O-O 14. Nc4 b6 15. b4 axb4 16. Bxb4 Ba6 17. Ne3 Bxe2 18. Qxe2 f5 19. f4 exf4 20. Nc4 Ne5 21. Nxe5 dxe5 22. d6 Bf6 23. Qc4+ Kh8 24. Qe6 Qb8 25. d7 Rd8 26. Rfd1 h6 27. Qxf5 e4 28. c3 e3 29. Rd6 Ra5 30. Qxf4 Be5 31. Rxh6+ gxh6 32. Qxh6+ Kg8 33. Qe6+ Kh8 34. Qh6+ Kg8 35. Qe6+ Kh7 36. Rf1 Bg7 37. Qh3+ Kg8 38. Qe6+ Kh8 39. Qh3+ Kg8 40. Qe6+ 1/2-1/2

[Event "GRENKE Chess Open 2024"]
[Site "Karlsruhe"]
[Date "2024.04.01"]
[Round "8.18"]
[White "Ulasevich, Sergei"]
[Black "Zuferi, Enis"]
[Result "1/2-1/2"]
[WhiteElo "2261"]
[BlackElo "2400"]
[Annotator "ChessBase"]
[PlyCount "42"]
[EventDate "2024.03.28"]
[EventType "swiss"]
[EventCountry "GER"]
[SourceTitle "playchess.com"]
[Source "ChessBase"]
[SourceQuality "1"]

1. e4 c5 2. Nf3 d6 3. Bb5+ Bd7 4. Bxd7+ Qxd7 5. c4 e5 6. Nc3 Nc6 7. a3 Be7 8. O-O f5 9. exf5 Qxf5 10. d3 Nf6 11. Bg5 O-O 12. Rb1 Nh5 13. Be3 Rf7 14. b4 b6 15. b5 Nd8 16. Nd5 Ne6 17. a4 Raf8 18. Ra1 Bd8 19. Nd2 Nf6 20. Nxf6+ Rxf6 21. Ne4 Rg6 1/2-1/2

[Event "GRENKE Chess Open 2024"]
[Site "Karlsruhe"]
[Date "2024.04.01"]
[Round "8.19"]
[White "Volkov, Mykyta"]
[Black "Krastev, Alexander"]
[Result "0-1"]
[WhiteElo "2256"]
[BlackElo "2457"]
[Annotator "RC"]
[PlyCount "44"]
[EventDate "2024.03.28"]
[EventType "swiss"]
[EventCountry "GER"]
[SourceTitle "playchess.com"]
[Source "ChessBase"]
[SourceQuality "1"]

1. d4 e6 2. c4 b6 3. a3 Bb7 4. Nc3 Nf6 5. e3 d5 6. cxd5 exd5 7. Bd3 Bd6 8. Nge2 O-O 9. Ng3 Re8 10. b4 c5 11. bxc5 bxc5 12. dxc5 Be5 13. Nge2 Nbd7 14. h3 Nxc5 15. O-O Qa5 16. Bb2 Nxd3 17. Qxd3 Ba6 18. Qc2 Rec8 19. Nd4 Bxd4 20. exd4 Bxf1 21. Rxf1 Ne4 22. Rc1 Nxc3 0-1

[Event "GRENKE Chess Open 2024"]
[Site "Karlsruhe"]
[Date "2024.04.01"]
[Round "8.20"]
[White "Koellner, Ruben Gideon"]
[Black "Janeczko, Jakub"]
[Result "1/2-1/2"]
[WhiteElo "2453"]
[BlackElo "2278"]
[Annotator "ChessBase"]
[PlyCount "97"]
[EventDate "2024.03.28"]
[EventType "swiss"]
[EventCountry "GER"]
[SourceTitle "playchess.com"]
[Source "ChessBase"]
[SourceQuality "1"]

1. d4 Nf6 2. Bg5 d5 3. e3 c5 4. Bxf6 gxf6 5. dxc5 e6 6. c4 dxc4 7. Nd2 c3 8. bxc3 Nd7 9. c6 bxc6 10. Ngf3 Bg7 11. Qa4 Qc7 12. Nd4 Bb7 13. Rb1 O-O 14. Be2 f5 15. O-O Nb6 16. Qa5 Rfd8 17. N2b3 Rd5 18. Qa3 Bf8 19. Qc1 c5 20. Nb5 Qe7 21. Na5 e5 22. Nxb7 Qxb7 23. e4 fxe4 24. c4 Rdd8 25. Qg5+ Bg7 26. Rfd1 Rxd1+ 27. Rxd1 Re8 28. Nd6 Qe7 29. Qg4 Rd8 30. Nf5 Rxd1+ 31. Bxd1 Qf6 32. Qxe4 Nxc4 33. Qxc4 Qxf5 34. Qxc5 Qb1 35. Qc8+ Bf8 36. Qg4+ Qg6 37. Qe2 Qg5 38. g3 Bc5 39. Bb3 Bd4 40. Qf3 Qg6 41. Bd5 Kg7 42. Be4 Qf6 43. Bf5 Qg5 44. Kg2 Qd2 45. Be4 Qg5 46. h4 Qf6 47. Bf5 h6 48. Qg4+ Kf8 49. Qf3 1/2-1/2

[Event "GRENKE Chess Open 2024"]
[Site "Karlsruhe"]
[Date "2024.04.01"]
[Round "8.20"]
[White "Kocharin, Timur"]
[Black "Braun, Georg"]
[Result "1-0"]
[WhiteElo "2259"]
[BlackElo "2398"]
[Annotator "ChessBase"]
[PlyCount "65"]
[EventDate "2024.03.28"]
[EventType "swiss"]
[EventCountry "GER"]
[SourceTitle "playchess.com"]
[Source "ChessBase"]
[SourceQuality "1"]

1. d4 Nf6 2. c4 e6 3. Nf3 a6 4. Nc3 d5 5. cxd5 exd5 6. Bg5 Be6 7. e3 Nbd7 8. Bd3 h6 9. Bf4 g5 10. Bg3 Nh5 11. Be5 Ng7 12. h3 Nxe5 13. Nxe5 Bd6 14. O-O c6 15. Qc2 Qf6 16. f4 gxf4 17. exf4 Nf5 18. Bxf5 Bxf5 19. Qb3 Rb8 20. Rae1 Kf8 21. Ne2 h5 22. Ng3 Bc8 23. f5 h4 24. Nh1 Rh5 25. Nf2 Rxf5 26. Nfg4 Qg7 27. Rxf5 Bxf5 28. Rf1 Be6 29. Qe3 Rc8 30. Nf6 c5 31. dxc5 Bc7 32. c6 b6 33. Qa3+ 1-0

[Event "GRENKE Chess Open 2024"]
[Site "Karlsruhe"]
[Date "2024.04.01"]
[Round "8.21"]
[White "Santos Latasa, Jaime"]
[Black "Tokhirjonova, Gulrukhbegim"]
[Result "1/2-1/2"]
[WhiteElo "2621"]
[BlackElo "2365"]
[Annotator "TA"]
[PlyCount "164"]
[EventDate "2024.03.28"]
[EventType "swiss"]
[EventCountry "GER"]
[SourceTitle "playchess.com"]
[Source "ChessBase"]
[SourceQuality "1"]

1. c4 Nf6 2. Nc3 e5 3. g3 d5 4. cxd5 Nxd5 5. Bg2 Nb6 6. Nf3 Nc6 7. O-O Be7 8. b3 O-O 9. Bb2 f5 10. Rc1 Be6 11. e4 f4 12. Ne2 Bg4 13. gxf4 exf4 14. d4 Qe8 15. h3 Bh5 16. b4 Nxb4 17. Qb3+ Kh8 18. d5 c5 19. a3 Na6 20. Be5 c4 21. Qc3 Bf6 22. Bxf6 Rxf6 23. e5 Rf8 24. Qd4 Nc7 25. Nc3 Rd8 26. Rfd1 Ncxd5 27. Nxd5 Rxd5 28. Qc3 Bxf3 29. Bxf3 Rxe5 30. Rd4 Qe7 31. Rcd1 Qf6 32. Kh2 Ree8 33. Qa5 Rd8 34. Rxd8 Rxd8 35. Qe5 Rf8 36. Qa5 c3 37. Rc1 Qd4 38. Kg2 Rc8 39. Bxb7 Qc5 40. Qxc5 Rxc5 41. Kf3 Nc4 42. Kxf4 Nxa3 43. Be4 c2 44. Ke3 Rb5 45. Kd2 Rb1 46. h4 g6 47. f4 Kg7 48. f5 gxf5 49. Bxf5 h6 50. h5 Kf6 51. Bd3 Ke5 52. Rf1 Rxf1 53. Bxf1 Kd4 54. Bh3 Ke4 55. Bf1 Kf4 56. Bd3 Kg5 57. Bg6 Nc4+ 58. Kxc2 Ne5 59. Be8 Ng4 60. Kd3 Nf6 61. Bf7 Nxh5 62. Kc4 Nf4 63. Kb5 Ng6 64. Ka6 h5 65. Kxa7 h4 66. Be6 Ne7 67. Bh3 Kf4 68. Kb6 Nd5+ 69. Kc5 Kg3 70. Bc8 Ne3 71. Kd4 Ng4 72. Kd3 h3 73. Ke2 h2 74. Bb7 Nf2 75. Bc6 Nh3 76. Bh1 Nf4+ 77. Ke3 Ng2+ 78. Ke2 Nf4+ 79. Ke3 Nh3 80. Ke2 Nf2 81. Bc6 h1=Q 82. Bxh1 Nxh1 1/2-1/2

[Event "GRENKE Chess Open 2024"]
[Site "Karlsruhe"]
[Date "2024.04.01"]
[Round "8.21"]
[White "Herbrig, Alexander"]
[Black "Mladek, Richard"]
[Result "1/2-1/2"]
[WhiteElo "2249"]
[BlackElo "2393"]
[Annotator "RC"]
[PlyCount "26"]
[EventDate "2024.03.28"]
[EventType "swiss"]
[EventCountry "GER"]
[SourceTitle "playchess.com"]
[Source "ChessBase"]
[SourceQuality "1"]

1. c4 e5 2. e3 Nf6 3. Nc3 Nc6 4. Nf3 Bb4 5. Qc2 O-O 6. Nd5 Re8 7. Qf5 d6 8. Nxf6+ gxf6 9. Qh5 d5 10. cxd5 Qxd5 11. Be2 Be6 12. O-O Rad8 13. d3 e4 1/2-1/2

[Event "GRENKE Chess Open 2024"]
[Site "Karlsruhe"]
[Date "2024.04.01"]
[Round "8.22"]
[White "Muradli, Mahammad"]
[Black "Sarrau, Jelle"]
[Result "1-0"]
[WhiteElo "2555"]
[BlackElo "2375"]
[Annotator "TA"]
[PlyCount "115"]
[EventDate "2024.03.28"]
[EventType "swiss"]
[EventCountry "GER"]
[SourceTitle "playchess.com"]
[Source "ChessBase"]
[SourceQuality "1"]

1. Nf3 d5 2. d4 Nf6 3. c4 e6 4. Nc3 a6 5. cxd5 exd5 6. Bg5 Be6 7. Qb3 Nbd7 8. e3 b5 9. Qd1 h6 10. Bh4 Bb4 11. Bd3 c5 12. dxc5 Bxc3+ 13. bxc3 Nxc5 14. O-O O-O 15. Bc2 Nce4 16. Bxe4 dxe4 17. Qxd8 Rfxd8 18. Bxf6 gxf6 19. Nd4 Rac8 20. a4 bxa4 21. Rxa4 Bc4 22. Rc1 Rd5 23. h3 Rdc5 24. Rb4 Bb5 25. Kh2 Rxc3 26. Rxc3 Rxc3 27. Nxb5 axb5 28. Rxb5 Rc2 29. Rf5 Rc6 30. g4 Kg7 31. Kg3 Kg6 32. Kf4 Rc4 33. Rd5 Rc2 34. Kg3 Rb2 35. h4 Rc2 36. Rd4 Rb2 37. Rxe4 Ra2 38. Rb4 Ra5 39. Rd4 Kg7 40. Rf4 Ra1 41. Rf5 Rg1+ 42. Kf4 Rh1 43. e4 Ra1 44. g5 fxg5+ 45. hxg5 hxg5+ 46. Rxg5+ Kf6 47. Rf5+ Kg7 48. e5 Ra4+ 49. Kg5 Ra2 50. Rf6 Rb2 51. f4 Rb7 52. Rd6 Ra7 53. Rb6 Rc7 54. Ra6 Rb7 55. Kf5 Rc7 56. Ra4 Rb7 57. Ke4 Rd7 58. f5 1-0

[Event "GRENKE Chess Open 2024"]
[Site "Karlsruhe"]
[Date "2024.04.01"]
[Round "8.22"]
[White "Hess, Max"]
[Black "Viennot, Dylan"]
[Result "1/2-1/2"]
[WhiteElo "2392"]
[BlackElo "2276"]
[Annotator "RC"]
[PlyCount "61"]
[EventDate "2024.03.28"]
[EventType "swiss"]
[EventCountry "GER"]
[SourceTitle "playchess.com"]
[Source "ChessBase"]
[SourceQuality "1"]

1. e4 e6 2. d4 d5 3. Nd2 c5 4. exd5 exd5 5. Ngf3 Nf6 6. Bb5+ Bd7 7. Bxd7+ Nbxd7 8. O-O Be7 9. dxc5 Nxc5 10. Re1 O-O 11. Nf1 Nce4 12. Be3 Re8 13. c3 Ng4 14. Bd4 Bf6 15. Re2 Nd6 16. Rxe8+ Qxe8 17. h3 Bxd4 18. hxg4 Bb6 19. Qxd5 Ne4 20. Nd4 Nf6 21. Qxb7 Rb8 22. Qf3 Bxd4 23. cxd4 Rxb2 24. g5 Nd7 25. Ng3 Nf8 26. d5 Qe5 27. Rd1 Rxa2 28. d6 Ra1 29. Rxa1 Qxa1+ 30. Kh2 Qe5 31. Qa8 1/2-1/2

[Event "GRENKE Chess Open 2024"]
[Site "Karlsruhe"]
[Date "2024.04.01"]
[Round "8.23"]
[White "Svanda, Ondrej"]
[Black "Noe, Christopher"]
[Result "1/2-1/2"]
[WhiteElo "2370"]
[BlackElo "2527"]
[Annotator "ChessBase"]
[PlyCount "70"]
[EventDate "2024.03.28"]
[EventType "swiss"]
[EventCountry "GER"]
[SourceTitle "playchess.com"]
[Source "ChessBase"]
[SourceQuality "1"]

1. c4 e5 2. g3 Nf6 3. Bg2 d5 4. cxd5 Nxd5 5. Nc3 Nf6 6. Nf3 Nc6 7. O-O Be7 8. a3 O-O 9. b4 a6 10. Bb2 Re8 11. d3 Bg4 12. Rc1 Bd6 13. h3 Bf5 14. Na4 e4 15. Nh4 exd3 16. exd3 Be6 17. Nc5 Bxc5 18. Rxc5 Nd7 19. Bxc6 bxc6 20. Rxc6 Bxh3 21. Re1 Be6 22. Qc1 Nf6 23. Ng2 Nd5 24. Nf4 Nxf4 25. Qxf4 Bd5 26. Rcc1 c6 27. Re3 Re6 28. Rce1 Rh6 29. f3 Re6 30. Qg4 Qf8 31. Bd4 h6 32. Bc5 Qe8 33. Bd4 Qf8 34. Bc5 Qe8 35. Bd4 Qf8 1/2-1/2

[Event "GRENKE Chess Open 2024"]
[Site "Karlsruhe"]
[Date "2024.04.01"]
[Round "8.23"]
[White "Bogdanov, Artyom"]
[Black "Muckle, Julius"]
[Result "1/2-1/2"]
[WhiteElo "2243"]
[BlackElo "2389"]
[Annotator "ChessBase"]
[PlyCount "36"]
[EventDate "2024.03.28"]
[EventType "swiss"]
[EventCountry "GER"]
[SourceTitle "playchess.com"]
[Source "ChessBase"]
[SourceQuality "1"]

1. d4 Nf6 2. c4 d6 3. Nc3 Nbd7 4. e4 e5 5. d5 Nc5 6. f3 a5 7. Be3 Be7 8. Qd2 O-O 9. Nge2 Ne8 10. Nc1 f5 11. Nd3 Nxd3+ 12. Bxd3 Bh4+ 13. Kd1 f4 14. Bg1 g5 15. h3 b6 16. Bc2 Bd7 17. Ba4 Bxa4+ 18. Nxa4 Nf6 1/2-1/2

[Event "GRENKE Chess Open 2024"]
[Site "Karlsruhe"]
[Date "2024.04.01"]
[Round "8.24"]
[White "Parkhov, Yair"]
[Black "De Schampheleire, Glen"]
[Result "1/2-1/2"]
[WhiteElo "2518"]
[BlackElo "2373"]
[Annotator "TA"]
[PlyCount "74"]
[EventDate "2024.03.28"]
[EventType "swiss"]
[EventCountry "GER"]
[SourceTitle "playchess.com"]
[Source "ChessBase"]
[SourceQuality "1"]

1. d4 Nf6 2. c4 e6 3. Nc3 Bb4 4. a3 Bxc3+ 5. bxc3 c5 6. f3 Nc6 7. e4 d6 8. Ne2 b6 9. Bg5 h6 10. Bh4 Qe7 11. Qc2 e5 12. Rd1 Bd7 13. Bf2 O-O-O 14. Ng3 Ne8 15. Be2 g6 16. Nf1 exd4 17. cxd4 Nc7 18. d5 Ne5 19. Ne3 g5 20. Rb1 Kb7 21. O-O Rb8 22. Be1 Ka8 23. Bc3 Rhg8 24. Rb2 Rb7 25. Qd2 h5 26. a4 g4 27. f4 Nf3+ 28. Rxf3 gxf3 29. Bxf3 Qh4 30. f5 Ne8 31. Qf2 Qg5 32. Nf1 Bxa4 33. Qg3 Qxg3 34. Nxg3 h4 35. Nh5 b5 36. cxb5 Rxb5 37. Kf2 Kb8 1/2-1/2

[Event "GRENKE Chess Open 2024"]
[Site "Karlsruhe"]
[Date "2024.04.01"]
[Round "8.24"]
[White "Smolik, Jachym"]
[Black "Solonar, Stefan"]
[Result "1/2-1/2"]
[WhiteElo "2386"]
[BlackElo "2271"]
[Annotator "RC"]
[PlyCount "140"]
[EventDate "2024.03.28"]
[EventType "swiss"]
[EventCountry "GER"]
[SourceTitle "playchess.com"]
[Source "ChessBase"]
[SourceQuality "1"]

1. e4 c5 2. c3 d5 3. exd5 Nf6 4. Bb5+ Nbd7 5. d4 a6 6. Be2 Nxd5 7. Nf3 e6 8. O-O Qc7 9. c4 N5f6 10. Nc3 Bd6 11. dxc5 Bxc5 12. a3 O-O 13. b4 Be7 14. Qd4 e5 15. Nd5 Nxd5 16. Qxd5 Re8 17. c5 Nf6 18. Qb3 Be6 19. Bc4 Bxc4 20. Qxc4 e4 21. Ng5 Bd8 22. Nh3 Qe7 23. Bf4 Bc7 24. Rfe1 Rad8 25. Qe2 h6 26. Rad1 Nd5 27. Bxc7 Qxc7 28. Qg4 Qe5 29. Qg3 Qf6 30. Kh1 Qf5 31. Rd4 Nf6 32. Rd6 Rxd6 33. Qxd6 Ng4 34. Kg1 Ne5 35. Qd4 Qxh3 36. Qxe5 Qxg2+ 37. Kxg2 Rxe5 38. Rd1 Re7 39. Rd6 f6 40. c6 bxc6 41. Rxc6 a5 42. b5 e3 43. Kf1 Re5 44. a4 Re4 45. Rc3 e2+ 46. Ke1 Rxa4 47. Rb3 Re4 48. b6 Re8 49. b7 Rb8 50. Kxe2 a4 51. Rb6 a3 52. Kf3 a2 53. Ra6 Rxb7 54. Rxa2 Rb3+ 55. Kg2 Kh7 56. h4 Rb4 57. Kg3 Rb7 58. Ra5 Re7 59. f4 Re3+ 60. Kg4 Re1 61. h5 Rh1 62. Rb5 Kg8 63. Rb7 Kf8 64. Ra7 Ke8 65. Kf5 Rg1 66. Ke6 Re1+ 67. Kf5 Re7 68. Rxe7+ Kxe7 69. Kg6 Kf8 70. f5 Kg8 1/2-1/2

[Event "GRENKE Chess Open 2024"]
[Site "Karlsruhe"]
[Date "2024.04.01"]
[Round "8.25"]
[White "Dahl, Christoph"]
[Black "Guliyev, Namig"]
[Result "1-0"]
[WhiteElo "2367"]
[BlackElo "2508"]
[Annotator "ChessBase"]
[PlyCount "107"]
[EventDate "2024.03.28"]
[EventType "swiss"]
[EventCountry "GER"]
[SourceTitle "playchess.com"]
[Source "ChessBase"]
[SourceQuality "1"]

1. d4 d5 2. c4 e6 3. Nc3 Nf6 4. cxd5 Nxd5 5. e4 Nxc3 6. bxc3 c5 7. Rb1 cxd4 8. cxd4 Nc6 9. Nf3 Bb4+ 10. Bd2 Bxd2+ 11. Qxd2 O-O 12. Bb5 Bd7 13. O-O a6 14. Bd3 b5 15. Rfd1 Qb6 16. d5 exd5 17. exd5 Ne7 18. d6 Nc6 19. Qf4 Rae8 20. Ng5 g6 21. Qh4 h5 22. Ne4 Ne5 23. Nf6+ Kg7 24. Nxe8+ Rxe8 25. Be2 f6 26. Qd4 Qxd4 27. Rxd4 Rc8 28. f4 Nf7 29. Bf3 h4 30. Re1 Kf8 31. Re7 Rd8 32. Re1 h3 33. Bd5 Nh6 34. Re7 Be8 35. Be6 hxg2 36. Rh7 Bf7 37. Rh8+ Ng8 38. Bxf7 Kxf7 39. d7 Kg7 40. Rh3 Ne7 41. Rc3 Kf7 42. Kxg2 a5 43. Rc5 b4 44. Rd6 Nf5 45. Rc8 Ke7 46. Rxd8 Kxd8 47. Rxf6 Kxd7 48. Ra6 Ne3+ 49. Kf3 Nc4 50. Ke4 Kc7 51. Kd5 Kb7 52. Rxg6 Nd2 53. f5 a4 54. f6 1-0

[Event "GRENKE Chess Open 2024"]
[Site "Karlsruhe"]
[Date "2024.04.01"]
[Round "8.25"]
[White "Boev, Viktor"]
[Black "Colpe, Malte"]
[Result "1-0"]
[WhiteElo "2242"]
[BlackElo "2384"]
[Annotator "ChessBase"]
[PlyCount "125"]
[EventDate "2024.03.28"]
[EventType "swiss"]
[EventCountry "GER"]
[SourceTitle "playchess.com"]
[Source "ChessBase"]
[SourceQuality "1"]

1. e4 c5 2. Nf3 Nc6 3. Bb5 e5 4. O-O Bd6 5. c3 a6 6. Ba4 b5 7. Bc2 Nge7 8. d4 cxd4 9. cxd4 Nxd4 10. Nxd4 exd4 11. Nd2 Qc7 12. Nf3 Be5 13. a4 Bb7 14. axb5 axb5 15. Rxa8+ Bxa8 16. Nxe5 Qxe5 17. Qg4 Bc6 18. Bf4 Qf6 19. Qg3 Qg6 20. Be5 Qxg3 21. hxg3 O-O 22. Bxd4 Rc8 23. Bd3 f6 24. Ra1 Ng6 25. Ra5 Rb8 26. f3 Ne5 27. Be2 Kf7 28. Kf2 Ke6 29. g4 h6 30. Kg3 g5 31. Kf2 Ke7 32. Bc5+ Ke6 33. Bd4 Ke7 34. Ra6 Ke6 35. Ke3 Ng6 36. Kd2 Ke7 37. Kc3 Nf4 38. Bf1 h5 39. gxh5 Nxh5 40. Kb4 Nf4 41. Rb6 Rc8 42. Bc5+ Kf7 43. Bd6 Rh8 44. Bxf4 gxf4 45. Bxb5 Bxb5 46. Rxb5 Rh2 47. Rf5 Rxg2 48. b3 Rd2 49. Rd5 Rf2 50. Rxd7+ Ke6 51. Rd3 f5 52. exf5+ Kxf5 53. Kc5 Rc2+ 54. Kd4 Rb2 55. Kc3 Rb1 56. Kc2 Rh1 57. b4 Ke5 58. b5 Rh6 59. Kc3 Rh1 60. Kc4 Rc1+ 61. Rc3 Rd1 62. b6 Kd6 63. Rd3+ 1-0